| 000 | 00776cam a2200289 4500500 | ||
|---|---|---|---|
| 005 | 20260405002054.0 | ||
| 041 | _afre | ||
| 042 | _adc | ||
| 100 | 1 | 0 |
_aEnjalbert, Cédric _eauthor |
| 245 | 0 | 0 | _aÀ vendre ou à louer? |
| 260 | _c2015. | ||
| 500 | _a54 | ||
| 690 | _aAvoir | ||
| 690 | _aCapitalisme | ||
| 690 | _aChose | ||
| 690 | _aConsumérisme | ||
| 690 | _aDématérialisation | ||
| 690 | _aÉchange | ||
| 690 | _aÊtre | ||
| 690 | _aJeremy Rifkin | ||
| 690 | _aLibéralisme | ||
| 690 | _aObjet | ||
| 690 | _aPossession | ||
| 690 | _aPropriété | ||
| 786 | 0 | _nPhilosophie magazine | 93 | 10 | 2015-10-01 | p. 23-25 | 1951-1787 | |
| 856 | 4 | 1 | _uhttps://shs.cairn.info/magazine-philosophie-magazine-2015-10-page-23?lang=fr&redirect-ssocas=7080 |
| 999 |
_c2053943 _d2053943 |
||